000 00569nam a2200181Ia 4500
008 100917s9999 xx 000 0 und d
082 _b55606
100 _aगोडबोले ल. रा.
245 _aसौंदर्याचा सोस
260 _bराजेंद्र पब्लिकेशन
_c1982
300 _a46
365 _b4
520 _aबालविभाग
630 _aसौंदर्याचा सोस
650 _aबालविभाग
730 _aसौंदर्याचा सोस
942 _cBOOK
999 _c661000
_d660997